000 00665nam a22001937a 4500
005 20180510104313.0
010 _aENG-122967
020 _a9789383096343
_c1650.00
035 _aEN-106499
037 _bDBAD/PUB
082 _a338.9
100 _aMishra, Pavan
245 _aEconomic theory of growth and development /
_cby Pavan Mishra
260 _aNew Delhi
_bHorizon Press
_c2017
270 _a102, 1st Floor, Satyam House, 4327/3, Ansari Road, Darya Ganj,
_bNew Delhi
_e110002
_k011-45652440
_mwww.horizonpress.com
300 _aviii, 288p.
_c22cm.(Hb)
_bill.
500 _aIt include bibliography and index
942 _2ddc
_cEN
_mMIS
_h338.9
999 _c151975
_d151975